KOHA-Header-6

Engineering Communication a practical Guide to workplace communications for Engineers (Record no. 12212)

000 -LEADER
fixed length control field 00396nam a22001457a 4500
020 ## - INTERNATIONAL STANDARD BOOK NUMBER
ISBN 978-9386650337
082 ## - DEWEY DECIMAL CLASSIFICATION NUMBER
Classification number 620.014
100 ## - MAIN ENTRY--AUTHOR NAME
Personal name David Ingre
245 ## - TITLE STATEMENT
Title Engineering Communication a practical Guide to workplace communications for Engineers
250 ## - EDITION STATEMENT
Edition statement Second Edition
260 ## - PUBLICATION, DISTRIBUTION, ETC. (IMPRINT)
Place of publication New Delhi
Name of publisher Cengage
Year of publication 2017
300 ## - PHYSICAL DESCRIPTION
Number of Pages 318
650 ## - SUBJECT ADDED ENTRY--TOPICAL TERM
Topical Term Electrical Engineering
942 ## - ADDED ENTRY ELEMENTS (KOHA)
Koha item type Books
Holdings
Withdrawn status Lost status Collection code Permanent Location Current Location Shelving location Date acquired Full call number Accession Number Koha item type
    CSE MAJU MAJU Shelf No.A31 2019-12-07 620.014 9499 Computer System Engineering

Powered by Koha